Ley de Contrato de trabjo comentada (Registro nro. 2836)
[ vista simple ]
| 000 -LEADER | |
|---|---|
| fixed length control field | 01611 a2200229 4500 |
| 001 - CONTROL NUMBER | |
| control field | 37973 |
| 005 - DATE AND TIME OF LATEST TRANSACTION | |
| control field | 20260407155645.0 |
| 008 - FIXED-LENGTH DATA ELEMENTS--GENERAL INFORMATION | |
| fixed length control field | 260407a1977 arg spa d |
| 003 - CONTROL NUMBER IDENTIFIER | |
| control field | AR-UNSa-BCEJYS |
| 040 ## - CATALOGING SOURCE | |
| Original cataloging agency | AR-UNSa-BCEJYS |
| Language of cataloging | spa |
| Transcribing agency | AR-UNSa-BCEJYS |
| 080 ## - UNIVERSAL DECIMAL CLASSIFICATION NUMBER | |
| Universal Decimal Classification number | 349.22:331.106 |
| Common auxiliary subdivision | Contrato de trabajo |
| 041 ## - LANGUAGE CODE | |
| Language code of text/sound track or separate title | spa |
| 100 1# - MAIN ENTRY--PERSONAL NAME | |
| Personal name | Centeno, Norberto O. |
| 245 10 - TITLE STATEMENT | |
| Title | Ley de Contrato de trabjo comentada |
| 264 #1 - PRODUCTION, PUBLICATION, DISTRIBUTION, MANUFACTURE, AND COPYRIGHT NOTICE | |
| Place of production, publication, distribution, manufacture | Buenos Aires : |
| Name of producer, publisher, distributor, manufacturer | Ediciones Contabilidad Moderna |
| Date of production, publication, distribution, manufacture, or copyright notice | 1977 |
| 300 ## - PHYSICAL DESCRIPTION | |
| Extent | 2v.(xxvii, 443; 446 - 1163 p.) |
| Dimensions | 23 cm. |
| 505 ## - FORMATTED CONTENTS NOTE | |
| Formatted contents note | Vol. I: 1. Disposiciones generales - 2. Del contrato y la relación de trabajo - 3. De los sjetos del contrato de trabajo - 4. De los requisitos esenciales y formales del contrato de trabajo - 5. El objeto del contrato de trabajo - 6. De la formación del contrato de trabajo - 7. De la forma y prueba del contrato de trabajo - 8. Derechos y deberes de las partes - 9. De las modalidades del contrato de trabajo -- Vol. II: 10. De la remuneración del trabajo - 11. De las vacaciones y otras licencias - 12. De los feriados obligatorios y dias no laborables - 13. Trabajo de muijeres - 14. Del trabajo de los menores - 15. De la duración del trabajo y descanso semanal - 16. De la suspensión de ciertos efectos del contrato de trabajo - 17. De la transferencia del contrato de trabajo - 18. De la extinción del contrato de trabajo - 19. De la perscripción y caducidad - 20. De los privilegios - 21. Disposiciones complementarias. |
| 590 ## - LOCAL NOTE (RLIN) | |
| Local note | niveau_biblio:m niveau_hierar:0 |
| 700 1# - ADDED ENTRY--PERSONAL NAME | |
| Personal name | López, Justo |
| 700 1# - ADDED ENTRY--PERSONAL NAME | |
| Personal name | Fernández Madrid, Juan Carlos |
| 942 ## - ADDED ENTRY ELEMENTS (KOHA) | |
| Koha item type | |
| Withdrawn status | Lost status | Damaged status | Not for loan | Home library | Current library | Shelving location | Date acquired | Total checkouts | Full call number | Barcode | Date last seen | Price effective from | Koha item type | Public note |
|---|---|---|---|---|---|---|---|---|---|---|---|---|---|---|
| Biblioteca Prof. Eusebio Cleto del Rey | Biblioteca Prof. Eusebio Cleto del Rey | 07/04/2026 | 349.22:331.106 L864 v.1 | L13428 | 07/04/2026 | 07/04/2026 | Libro | |||||||
| Biblioteca Prof. Eusebio Cleto del Rey | Biblioteca Prof. Eusebio Cleto del Rey | 07/04/2026 | 349.22:331.106 L864 v.1 | L28569 | 07/04/2026 | 07/04/2026 | Libro | |||||||
| Biblioteca Prof. Eusebio Cleto del Rey | Biblioteca Prof. Eusebio Cleto del Rey | 07/04/2026 | 349.22:331.106 L864 v.1 | L28570 | 07/04/2026 | 07/04/2026 | Libro | SUBRAYADO CON LÁPIZ Y LAPICERA - TAPA SEMIDESPEGADA | ||||||
| Biblioteca Prof. Eusebio Cleto del Rey | Biblioteca Prof. Eusebio Cleto del Rey | 07/04/2026 | 349.22:331.106 L864 v.2 | L28572 | 07/04/2026 | 07/04/2026 | Libro | |||||||
| Biblioteca Prof. Eusebio Cleto del Rey | Biblioteca Prof. Eusebio Cleto del Rey | 07/04/2026 | 349.22:331.106 L864 v.2 | L28571 | 07/04/2026 | 07/04/2026 | Libro |